Estudio de Prefactibilidad de la Instalación de una Planta Trilladora de Arroz Ubicada en el Municipio de Jinotega
Presenta un estudio de prefactibilidad para invertir en la instalación de una planta trilladora de arroz (acopio y procesamiento) ubicada en el municipio de Jinotega. Muestra un estudio de oferta de arroz GPC, muestra un estudio técnico para los requerimientos que integraran la planta, muestra un...
| Main Authors: | , |
|---|---|
| Other Authors: | |
| Format: | Tesis Section = Libro |
| Language: | Undetermined Spanish |
| Published: |
Managua
UNI
2010
|
| Subjects: |
| LEADER | 01257nam a2200265Ia 4500 | ||
|---|---|---|---|
| 008 | 240830s9999 xx 000 0 und d | ||
| 040 | |a BIBLIOTECA-RUPAP Mon 631.56 R457 | ||
| 041 | |a spa | ||
| 082 | |a Mon 631.56 R457 | ||
| 100 | 1 | |a Reyes Delgado, Bismarck Antonio | |
| 100 | 1 | |b Úbeda Sequeira, Gustavo Alberto | |
| 245 | 1 | 0 | |a Estudio de Prefactibilidad de la Instalación de una Planta Trilladora de Arroz Ubicada en el Municipio de Jinotega |
| 260 | |a Managua |b UNI |c 2010 | ||
| 300 | |a 190 p. :il. | ||
| 500 | |a Contiene: anexos. | ||
| 502 | |a Tesis (Ingeniero Industrial)- UNI, 2010. | ||
| 520 | 3 | |a Presenta un estudio de prefactibilidad para invertir en la instalación de una planta trilladora de arroz (acopio y procesamiento) ubicada en el municipio de Jinotega. Muestra un estudio de oferta de arroz GPC, muestra un estudio técnico para los requerimientos que integraran la planta, muestra un estudio económico de la planta trilladora de arroz y presenta la evaluación financiera del anteproyecto. | |
| 650 | 7 | |a ARROZ - TRILLADO | |
| 650 | 7 | |b CONTROL DE LA PRODUCCIÓN | |
| 650 | 7 | |c TRILLADORAS | |
| 650 | 7 | |d MAQUINARIA AGRICOLA | |
| 700 | 1 | |a Tutor: |b López Artola, Fernando José | |
| 942 | |c BK |2 ddc | ||
| 991 | |a TESIS | ||
| 999 | |c 16654 | ||